000 00413nam a2200157 i 4500
001 75176
003 ES-MaACL
005 20230906172348.0
007 t|
008 040922s1920 xxk ||||1| eng d
100 1 _aGoode, William T.
_959098
245 1 0 _aBolchevism al work /
_cWm. T. Goode.
260 _aLondon :
_bGeorge Allen and Umvin,
_c[1920]
300 _a142 p. ;
_c18 cm.
852 _aES-MaACL
_jF-10380
999 _c75176
_d75176